MDQL
is popping MORE tags! Check the
thread
!
Quizzes
Events
Quiz Creation
Community
Videos
Private Events
Remove Ads
Sign In
Join for FREE
Feedback
Dark Mode
Quiz Categories
Sports
Geography
Music
Movies
Television
Just For Fun
Miscellaneous
History
Literature
Language
Science
Gaming
Entertainment
Religion
Holiday
For Kids
Quiz Lab
Recent
Popular Today
Quiz Kudos Today
Editor Picks
Curator Picks
Quizzes by...
Day
Popularity
Type
Ratings
Length
Year
Community
Subscriptions
Recent Discussions
Orange Saloon
Badges
Playlists
Quests
Create
Leaderboards
Showdown
Live 5
Trivia Bingo
Activity
Puzzle Library
Sporcle Events
Private Events
Virtual Trivia
Globe League
Become a Host
Pub Owners
SporcleCon
Opinionation
Our Games
Videos
Blog
Mobile Apps
Partnerships
Remove Ads and Go Orange
Feedback
Music
Pop Music
The Beatles
Song
Album
Lyrics
Bands
Singers
Artist
Clip
Rock
Rap
Classical
Billboard
Country Music
Kpop
Taylor Swift
Music
Pop Music
The Beatles
Song
Album
Lyrics
Bands
Singers
Artist
Clip
Rock
Rap
Classical
Billboard
Country Music
Kpop
Taylor Swift
Random Quiz
Search Sporcle
×
Quiz Lab
Quiz Lab
Music
Bands
Type in answers that appear in a list
Type in answers that appear in a list
Classic
Best Score? Go Orange.
Punk-O-Rama Bands Stats
Can you name the Punk-O-Rama Bands?
By
JimmyJames
15m
85 Questions
103 Plays
103 Plays
103 Plays
Comments
Comments
Give Quiz Kudos
Give Quiz Kudos
-
- Ratings
hide this ad
More Info
Replay
Link that replays current quiz
Next Quiz
Link to next quiz in quiz playlist
You Got
0%
They Got
Avg Score
29%
Avg Friend Score
Upgrade to see
Score Distribution
Jump to the score distribution portion of the page
Score
0/85
Timer
15:00
0
Plays Today
Song
Band
% Correct
Don't Call Me White
NOFX
87.4%
Rats in the Hallway
Rancid
84.5%
Do What You Want
Bad Religion
80.6%
Jennifer Lost the War
Offspring
75.7%
Perfect People
Pennywise
70.9%
Worlds on Heroin
ALL
63.1%
Coffee Mug
Descendents
60.2%
Cashed In
Pulley
60.2%
Bullion
Millencolin
54.4%
Say Anything
Bouncing Souls
54.4%
A.D.D.
Ten Foot Pole
52.4%
Delinquent Song
Voodoo Glow Skulls
51.5%
Code Blue
T.S.O.L.
49.5%
Gotta Go
Agnostic Front
48.5%
Good Rats
Dropkick Murphys
48.5%
Everybody's Girl
Dwarves
47.6%
Telepath Boy
ZEKE
47.6%
I Am a Revenant
The Distillers
47.6%
Summerholiday Vs. Punkroutine
Refused
42.7%
Only the Good Die Young
Me First and the Gimme Gimmes
39.8%
Everready
H2O
39.8%
Rotten Egg
Gas Huffer
38.8%
Alright
Osker
36.9%
Big in Japan
Tom Waits
36.9%
Secure Horizons
Guttermouth
36.9%
Bad Seed
Wayne Kramer
35%
Jukebox Lean
New Bomb Turks
35%
Haulass Hyena
The Cramps
35%
No Equalizer
Down By Law
34%
Song
Band
% Correct
We Have to Figure It Out Tongiht
Beatsteaks
34%
Poison Steak
Red Aunts
33%
Steel Toed Sneakers
The Humpers
32%
Ordinary Fight
I Against I
32%
Picture This
98 Mute
32%
Introduce the Metric System in Time
The Hives
32%
Smash it Up
The (International) Noise Conspiracy
31.1%
We're Back, We're Pissed
Rich Kids on LSD
30.1%
Reality Is a Ride on the Bus
SNFU
29.1%
Close Minded
Vision
28.2%
Hold It Down
Madball
27.2%
Lookin' Out for #1
Death By Stereo
27.2%
Jack of All Trades
Hot Water Music
27.2%
Greed Motivates
Straight Faced
26.2%
Addicts of Communication
Randy
25.2%
Just to Get Away
Poison Idea
24.3%
Never Connected
Union 13
24.3%
Outside Looking In
1208
24.3%
Weakend Revolution
59 Times the Pain
22.3%
Dead Weight Falls
The Unseen
22.3%
Come With Me
Deviates
21.4%
Thickfreakness
The Black Keys
21.4%
Plea From a Cat Named Virtute
The Weakerthans
21.4%
Thought Control
Dead **** Last
20.4%
Someone to Love?
Gentleman Jack Grisham
20.4%
Makeshift Patriot
Sage Francis
20.4%
Takers & Users
The Business
19.4%
Laugh/
Love/
****
The Coup
19.4%
Hate
The Joykiller
18.4%
Song
Band
% Correct
Tonight I'm Burning
Bombshell Rocks
18.4%
Pure Trauma
Downset
18.4%
The Greatest Fall (Of All Time)
Matchbook Romance
17.5%
Temptation
Tiger Army
16.5%
Don't Call It a Comeback
Motion City Soundtrack
15.5%
The Keys to Life vs. 15 Minutes of Fame
Atmosphere
15.5%
Struck By a Wrecking Ball
Nekromantix
15.5%
Miss Take
HorrorPops
15.5%
Whatever
Satanic Surfers
14.6%
Riot City
Total Chaos
13.6%
Ride the Wings of Pestilence
From First to Last
13.6%
Sweating Blood
F-Minus
12.6%
Burn In Hell
Error
10.7%
Riot, Riot, Riot
Roger Miret and the Disasters
10.7%
Different But the Same
Raised Fist
9.7%
Mince Meat
Dangerdoom
9.7%
Black Cloud
Converge
9.7%
Sink Venice
Ikara Colt
7.8%
Sick Little Suicide
The Matches
7.8%
I Need Drugs
Some Girls
7.8%
Black City
Division of Laura Lee
6.8%
Now
Eyedea & Abilities
6.8%
Shadowland
Youth Group
6.8%
City in the Sea
Scatter the Ashes
3.9%
Life Goes By
The Special Goodness
2.9%
All the Good Men
The Robocop Kraus
2.9%
Mixin' Up Adjectives
This is Me Smiling
2.9%
Quiz Playlist
Details
Report
Send in Message
Add To Playlist
More Info:
One song is listed per band- listing all the songs would be over 200 answers.
Classic:
Type in answers that appear in a list
Quiz Source
Last Updated: Aug 31, 2020
Quiz Scoreboard
CHALLENGE
Sign Up to Join the Scoreboard
Show All
Scores
Hide
Comments
May contain spoilers
Recently Published
1-10 Letter E Words III
by El_Dandy
Language
2m
Street Fighter Characters
by Artimus82
Gaming
60s
College Basketball Coaching Resumes
by pancakes188
Sports
9m
More to Explore
Quiz From the Vault
Featured Blog Post
Where Did the Easter Bunny Come From?
hide this ad
You Might Also Like...
Tags
Bands Quiz
Song Quiz
punk-o-rama
Volume
Today's Top Quizzes in Music
Browse Music
hide this ad
Today's Top Quizzes in Bands
Browse Bands
Top Contributed Quizzes in Music
1
Taylor Swift All Songs (2024)
2
Taylor Swift Logic Puzzle
3
Guess the Artist- 70s Songs
4
7-to-1: Billboard Hot 100 #1 Hits of 2010s
5
Sorting Albums and Songs
6
Billboard Blitz: Aretha Franklin
7
KPOP LOGIC QUIZ
8
Guess the Taylor Swift song (Mystery Song)
9
Guess The Taylor Swift Lyrics Song #1
10
Billboard Blitz: ABBA
Explore More
Trending Topics
Harry Potter
Anime
Kpop
NBA
Crossword
Disney
Marvel
Puzzle
Soccer
Pokémon
WWE
The Office
Song
NFL
Country
hide this ad
More By:
JimmyJames
Quiz
Plays
Rating
Category
Featured
Created
Title Drops
140,364
4.27
Movies
Jun 6, 2010
Shark Week
111,147
4.46
Science
Jul 4, 2010
Less Exciting Movies
92,266
3.97
Movies
Mar 13, 2010
Less Exciting Literature
90,496
4.35
Literature
Jan 1, 2011
Well-Separated Sequels
62,151
4.49
Movies
Feb 17, 2012
Go to Creator's Profile
Score Distribution
Quiz Creator Spotlight
JimmyJames
Follow
Send a Message
Quizzes Created
-
Created Quiz Play Count
-
More By This Creator
Popular Quizzes Today
1
Find the US States - No Outlines Minefield
2
Find the Countries of Europe - No Outlines Minefield
3
The Countries of the World
4
Find the US States
5
Risky Map Clicking: Biggest States A-Z
6
US States
7
Popular People in 1961
8
Movies - When Are They Set?
More Music Quizzes
3 Schubert Lieder
Quiz Lab
Trending Quizzes
Risky Map Clicking: Least Populous States A-Z
Billboard Blitz: Aretha Franklin
Famous Russians: Author or Composer?
1-10 Letter G Words
Countries of the World: 200 Million BC
Recently Updated
Leaping Animals
pecheneg
Reality TV Shows (A-Z)
bhenderson79
Rickey Henderson's Hall of Fame Teammates
pecheneg
Champions League XIs: Arsenal
pecheneg
Quick Pick: Celebrities in WWE's Hall of Fame
aduchscher
A-Z Keypad Blitz II
pecheneg
Multiple Oscar Actors
pecheneg
Mystery Phrase Blitz: Oscar 'Best Actors'
pecheneg
F. Scott Fitzgerald Novels
LTH
Pick 3 Villains
ddd62291
Trending Topics
Disney
Kpop
Anime
Crossword
NBA
Marvel
Harry Potter
Country
NFL
WWE
Puzzle
Song
The Office
Pokémon
Soccer
Your Account Isn't Verified!
In order to create a playlist on Sporcle, you need to verify the email address you used during registration. Go to your
Sporcle Settings
to finish the process.
Report this User
Report this user for behavior that violates our
Community Guidelines
.
Details:
Send Report
Go to the Sporcle.com Mobile Site →
Comments